Minḥah sheluḥah : teʼure meḳomot ḳedoshim bi-yede omanim Yehudim /

محفوظ في:

مؤلفون آخرون: Sarfati, Rachel

التنسيق: كتاب

اللغة: English
Hebrew

منشور في: Yerushalayim : Muzeʼon Yiśraʼel, c2002.

سلاسل: Kạtạlog (Muzeʼon Yiśraʼel (Jerusalem)) ; 463.

الموضوعات:

الوسوم: إضافة وسم

لا توجد وسوم, كن أول من يضع وسما على هذه التسجيلة!

رقم الطلب: N7417.3 .M55 2002

LEADER 01304namaa2200349 4500
001 25245
003 OSt
005 20250828090602.0
008 130303s2002 is a bc 000 0 eng d
010 |a 9652782912 
020 |a 9789652782915 
020 |a 9652782912 
040 |c ARCE Library 
041 1 |a eng  |a heb  |h heb 
043 |a a-is---  |a awba---  |a awgz--- 
050 4 |a N7417.3 .M55 2002 
245 0 0 |a Minḥah sheluḥah : teʼure meḳomot ḳedoshim bi-yede omanim Yehudim /   |c ba-ʻarikhat Raḥel Tsarefati. 
246 1 5 |a Offerings from Jerusalem :   |b portrayals of holy places by Jewish artists. 
264 1 |a Yerushalayim :   |b Muzeʼon Yiśraʼel,   |c c2002. 
300 |a 75, 37 pages :   |b illustrations (chiefly colored) ;   |c 31 cm. 
490 1 |a Kạtạlog (Muzeʼon Yiśraʼel (Jerusalem)) ;   |v 463. 
504 |a Includes bibliographical references. 
546 |a Text and table of contents in Hebrew and English. 
650 0 |a Jewish art  |z Palestine  |v Exhibitions. 
650 0 |a Shrines in art  |v Exhibitions. 
650 0 |a Jewish shrines  |z Palestine  |v Exhibitions. 
650 0 |a Sacred space  |z Palestine  |v Exhibitions. 
700 1 |a Sarfati, Rachel,   |9 39210 
830 0 |a Kạtạlog (Muzeʼon Yiśraʼel (Jerusalem)) ;   |v 463. 
901 |a reviewed 
942 |c BK  |2 lcc 
999 |c 21196  |d 21196